Textbook of Mental Health Nursing (Record no. 1849)

MARC details
000 -LEADER
Fixed length control field 00568nam a2200205Ia 4500
003 - CONTROL NUMBER IDENTIFIER
Control field IIN
005 - DATE AND TIME OF LATEST TRANSACTION
Control field 20250530120039.0
008 - FIXED-LENGTH DATA ELEMENTS--GENERAL INFORMATION
Fixed length control field 250530s2022 xx acd 001 0 eng d
020 ## - INTERNATIONAL STANDARD BOOK NUMBER / ISBN
Price Rs.495.00
International Standard Book Number 9789390619726
040 ## - CATALOGING SOURCE
Original cataloging agency IIN
Language of cataloging English
082 ## - DEWEY DECIMAL CLASSIFICATION NUMBER
Classification number 616.89
Book Number KUM
100 1# - MAIN ENTRY--PERSONAL NAME
Personal name Kumari, Eleena
245 1# - TITLE STATEMENT
Title Textbook of Mental Health Nursing
Sub title for GNM Nursing Students/
Statement of responsibility Eleena Kumari
250 ## - EDITION STATEMENT
Edition statement 2nd ed
260 ## - IMPRINT
Place of publication New Delhi
Name of publisher CBS
Date of publication 2022
300 ## - PHYSICAL DESCRIPTION
Page / Vol. No xxiii, 437p.
Other physical details col. ill.
500 ## - GENERAL NOTE
General note Includes Index
650 1# - SUBJECT ADDED ENTRY--TOPICAL TERM
Topical term Mental Health
Form subdivision Nursing
942 ## - ADDED ENTRY ELEMENTS (KOHA)
Koha item type Books
Holdings
Withdrawn status Lost status Source of classification Damaged status Not for loan Collection code Home library Current library Shelving location Date acquired Price Total Checkouts Call number Accession number Date last seen Price effective from Koha item type
    Dewey Decimal Classification     Purches Book IDEAL INSTITUTE OF NURSING IDEAL INSTITUTE OF NURSING General Stacks 11/03/2025 495.00   616.89 KUM 2090 30/05/2025 30/05/2025 Books
© Ideal Institute Of Nursing, All rights reserved.         Powered by Koha